000 00372nam a22001337a 4500
008 250423b |||||||| |||| 00| 0 eng d
020 _a0393472873
050 _aJC 2817
_b.J36
100 _aJanda Kenneth
245 _aThe Challenge of Democracy Government in America
260 _aUSA
_bLibrary of Congress in Cataloging Publication
_c1992
300 _a759p.
942 _cBK
999 _c3115
_d3115